000 00953cam a2200205 4500
001 WB4023-10
008 040615n2004 000 0 eng u
035 _a(Sirsi) u126474
245 _aBuyers pause over interest rate chatter
260 _c2004
490 _aRICS Press Release
_v(pr057) 14 June 2004 (3)
520 _aUK house prices have continued to rise but the pace of increase has slowed slightly for the first time in six months, as buyers assess the market in the wake of the upward trend in interest rates, according to the latest "RICS housing market survey Great Britain". Scotland is included in the survey for the first time. Available to view at http://www.rics.org/ricscms/bin/show?class=MarketS urvey&template=/includes/showmarketsurvey.html&id= 92.
590 _aWB
590 _aWB
650 _aPROPERTY PRICES
650 _aHOUSING SURVEYS
650 _aINTEREST RATES
690 _aHOUSING-HOUSE PRICES
942 _n0
999 _c117512
_d117512